Sports Quiz

Random Sports or Nintendo Quiz

Southampton FC Managers post WWII Quiz Stats

 Plays Quiz not verified by Sporcle

Challenge
Share
Tweet
Embed
Score 0/23 Timer 10:00
0 Plays Today
Year Manager % Correct
2009 - PresentAlan Pardew
90.2%
2001 - 2004Gordon Strachan
87.3%
2004 - 2005Harry Redknapp
84.2%
2000 - 2001Glenn Hoddle
78%
1973 - 1985Lawrie McMenemy
73%
1997 - 2000Dave Jones
72.1%
1994 - 1995Alan Ball
71.3%
1996 - 1997Graeme Souness
71.3%
2005 - 2008George Burley
68.6%
1955 - 1973Ted Bates
64.7%
2004Paul Sturrock
62.4%
2004Steve Wigley
61.7%
Year Manager % Correct
2009Mark Wotte
61.3%
2001Stuart Gray
59.7%
1991 - 1994Ian Branfoot
58%
2008Nigel Pearson
57.6%
1995 - 1996Dave Merrington
57.4%
1985 - 1991Chirs Nicholl
47%
2008 - 2009Jan Poortvliet
40.3%
1946 - 1949Bill Dodgin
8.7%
1952 - 1955George Roughton
5.2%
1949 - 1951Sid Cann
4.6%
1943 - 1946Arthur Dominy
3.1%

You're not logged in!

Compare scores with friends on all Sporcle quizzes.
Join for Free
OR
Log In

You Might Also Like...

Show Comments

Extras

Top Quizzes Today


Score Distribution

Your Account Isn't Verified!

In order to create a playlist on Sporcle, you need to verify the email address you used during registration. Go to your Sporcle Settings to finish the process.

Report this User

Report this user for behavior that violates our Community Guidelines.

Details: